000 00342nam a22001457a 4500
008 210312b ||||| |||| 00| 0 eng d
020 _a9780070874701
041 _aeng
080 _23rd
_a330.101.541
082 _a330.101.541
100 _a52
101 _aMAKRO
245 _aPrinciples of Macroeconomics
_cSayre, J. E
942 _2udc
_cBK
999 _c56554
_d56554